000 00626nam a2200241 a 4500
001 nice12345678
003 IN_TiNIC
005 20260116014055.0
008 050524s1999 edia grp 000 0 eng
020 _a1841956
_c400
082 0 0 _a170
_bHOL
100 _aHolloway, Richard
245 _aGodless Morality, Keeping Religion Out of Ethics
260 _aEdinburgh (u.K)
_bCanon Gate
_c1999
300 _a163p
500 _aincludes index and biblioraphy
505 2 _aNotes, Selected Bibliography
650 _aEthics
700 1 _aHolloway, Richard
902 _bSRS
942 _cBK
999 _c13758
_d13758